000 00305cam a22000977a 4500
008 180718b1965 xxu||||| |||| 00| 0 eng d
082 _aK6x42 Un3o
245 _aAcceptance of business appointments by officiers of the crown services
260 _aLondon
_bHer Majesty's Stationery Office
_c1965
300 _a4p.
999 _c500090
_d500090